| 000 | 00725 a2200181 4500 | ||
|---|---|---|---|
| 003 | Nust | ||
| 005 | 20170207154319.0 | ||
| 040 | _cNust | ||
| 082 | _a005.1 | ||
| 100 | _aNC Aleena Khan BESE-14 | ||
| 245 |
_aA Suite of Mobile Application Based on RED5 Server (Hard / Soft-copy) _cNC Aleena Khan, NC Muneeb Mohsin, Waseem Anjum Munir |
||
| 260 |
_aMCS _cJune 2012 |
||
| 300 | _a75 p | ||
| 505 | _aIntroduction (Page-1) Literature Review (Page-6) Software Requirments Specifications (Page-13) Software Design Specification (Page-24) Systems Implemetation (Page-58) Testing and Result Analysis (Page-66) Conclusion and Future Work (Page-73) | ||
| 538 | _aAlmirah No 71 Shelf No 6 | ||
| 650 | _aUG Project | ||
| 651 | _aUG CS Project | ||
| 942 | _cTHS | ||
| 999 |
_c196676 _d196676 |
||